00262nam a2200109Ia 4500008004100000100001900041245002900060260002900089650001000118942000700128999001700135190216s9999||||xx |||||||||||||| ||und|| aPramod Chandra 0aHindi-Gudiyan Ke Desh Me bMac Millian And Com. Ltd aHindi cBK c15351d15351